|
|
|
|
| LEADER |
01317nam a22003617a 4500 |
| 001 |
000815954 |
| 003 |
CZ BrMZK |
| 005 |
20190814133647.0 |
| 007 |
ta |
| 008 |
060509s1989 xo drp||||||||||hun d |
| 040 |
|
|
|a BOA001
|b cze
|
| 041 |
1 |
|
|a hun
|h slo
|
| 072 |
|
7 |
|a 004
|x Počítačová věda. Výpočetní technika. Informační technologie
|2 Konspekt
|9 23
|
| 072 |
|
7 |
|a 37.016
|x Učební osnovy. Vyučovací předměty. Učebnice
|2 Konspekt
|9 22
|
| 080 |
|
|
|a 007+004
|2 MRF
|
| 080 |
|
|
|a 004
|2 MRF
|
| 080 |
|
|
|a 510.5
|2 MRF
|
| 080 |
|
|
|a (075.3)
|2 MRF
|
| 100 |
1 |
|
|a Hvorecký, Jozef,
|d 1946-
|7 jx20031130055
|4 aut
|
| 245 |
1 |
0 |
|a Algoritmusok a gimnázium 4. osztálya számára /
|c Jozef Hvorecký, Miloš Franek
|
| 250 |
|
|
|a 1. kiad.
|
| 260 |
|
|
|a Bratislava :
|b Slovenské pedagogické nakladateľstvo,
|c 1989
|
| 300 |
|
|
|a 109 s.
|
| 500 |
|
|
|a Přeloženo ze slovenštiny
|
| 500 |
|
|
|a Název též slovensky
|
| 650 |
0 |
7 |
|a informatika
|7 ph137095
|2 czenas
|
| 650 |
0 |
7 |
|a výpočetní technika
|7 ph137273
|2 czenas
|
| 650 |
0 |
7 |
|a algoritmy
|7 ph114026
|2 czenas
|
| 655 |
|
7 |
|a učebnice středních škol
|7 fd133771
|2 czenas
|
| 700 |
1 |
|
|a Franek, Miloš
|7 jx20040720050
|4 aut
|
| 910 |
|
|
|a BOA001
|b PK-N-0027.625
|
| 990 |
|
|
|a BK
|
| 996 |
6 |
|
|b BC-299530
|c PK-N-0027.625
|l MZK
|r Sklad / do 1 hodiny
|n 0
|w 000815954
|u 000010
|a 1
|e BOA001
|j MZK50
|s P
|